|
|
|
|
| LEADER |
00000cam a2200000 c 4500 |
| 001 |
252023897 |
| 003 |
DE-627 |
| 005 |
20251222211141.0 |
| 007 |
tu |
| 008 |
891023s1988 xx ||||| m 00| ||fre c |
| 010 |
|
|
|a 90100525
|
| 020 |
|
|
|a 2802704311
|9 2-8027-0431-1
|
| 035 |
|
|
|a (DE-627)252023897
|
| 035 |
|
|
|a (DE-576)018862764
|
| 035 |
|
|
|a (DE-599)GBV252023897
|
| 035 |
|
|
|a (OCoLC)630952194
|
| 035 |
|
|
|a (OCoLC)246594787
|
| 035 |
|
|
|a (OCoLC)20243608
|
| 040 |
|
|
|a DE-627
|b ger
|c DE-627
|e rakwb
|
| 041 |
|
|
|a fre
|
| 082 |
0 |
|
|a 341.4/6
|
| 084 |
|
|
|a PL 734
|2 rvk
|0 (DE-625)rvk/137270:
|
| 100 |
1 |
|
|a Lenaerts, Koen
|d 1954-
|0 (DE-588)115784462
|0 (DE-627)519851617
|0 (DE-576)165748834
|4 aut
|
| 109 |
|
|
|a Lenaerts, Koen 1954-
|a Lenaerts, Koenraad 1954-
|a Lenearts, Koen 1954-
|a Lenaerts, K. 1954-
|
| 240 |
1 |
0 |
|a Constitutie en rechter <franz.>
|
| 245 |
1 |
3 |
|a Le juge et la Constitution aux États-Unis d'Amérique et dans l'ordre juridique européenne
|c Koenraad Lenaerts
|
| 264 |
|
1 |
|a Bruxelles
|b Bruylant
|c 1988
|
| 300 |
|
|
|a XXIV, 817 S.
|
| 336 |
|
|
|a Text
|b txt
|2 rdacontent
|
| 337 |
|
|
|a ohne Hilfsmittel zu benutzen
|b n
|2 rdamedia
|
| 338 |
|
|
|a Band
|b nc
|2 rdacarrier
|
| 500 |
|
|
|a Neue, rev. Ausg. (Stand Januar 1988) der 1983 ersch. Thèse des Verf
|
| 502 |
|
|
|a Zugl.: Löwen, Univ., Diss., 1983 u.d.T.: De rechtspraak van het amerikaanse opperste gerechtshof, ..
|
| 655 |
|
7 |
|a Hochschulschrift
|0 (DE-588)4113937-9
|0 (DE-627)105825778
|0 (DE-576)209480580
|2 gnd-content
|
| 700 |
1 |
2 |
|a Lenaerts, Koen
|d 1954-
|t Constitutie en rechter <franz.>
|
| 751 |
|
|
|a Löwen
|0 (DE-588)4074300-7
|0 (DE-627)106090178
|0 (DE-576)209193239
|4 uvp
|
| 889 |
|
|
|w (DE-627)276244915
|
| 935 |
|
|
|i mdedup
|
| 935 |
|
|
|i Blocktest
|
| 936 |
r |
v |
|a PL 734
|b Verfassungsgerichtsbarkeit
|k Rechtswissenschaft
|k Staatsrecht und Verfassungsgeschichte
|k Ausländisches Staats- und Verfassungsrecht
|k USA und Kanada
|k Verfassungsgerichtsbarkeit
|0 (DE-627)1271298252
|0 (DE-625)rvk/137270:
|0 (DE-576)201298252
|
| 951 |
|
|
|a BO
|
| ELC |
|
|
|b 1
|
| LOK |
|
|
|0 000 xxxxxcx a22 zn 4500
|
| LOK |
|
|
|0 001 3328109536
|
| LOK |
|
|
|0 003 DE-627
|
| LOK |
|
|
|0 004 252023897
|
| LOK |
|
|
|0 005 20151022131502
|
| LOK |
|
|
|0 008 900611||||||||||||||||ger|||||||
|
| LOK |
|
|
|0 040
|a DE-21
|c DE-627
|d DE-21
|
| LOK |
|
|
|0 852
|a DE-21
|
| LOK |
|
|
|0 852 1
|c KB 18 A 6672
|9 00
|
| LOK |
|
|
|0 935
|a krim
|
| LOK |
|
|
|0 939
|a 11-06-90
|b l01
|
| ORI |
|
|
|a SA-MARC-krimdoka001.raw
|
| SIG |
|
|
|a UB: KB 18 A 6672
|